Načítá se...
Infotech @ library services /
| Další autoři: | |
|---|---|
| Médium: | Printed Book |
| Vydáno: |
New Delhi:
AuthersPress,
2008.
|
| Témata: |
| LEADER | 00560cam a2200169ua 4500 | ||
|---|---|---|---|
| 008 | 100805t2008||||||||||| 00 ||||| c | ||
| 082 | |a 025.002 85 |b MEH/I | ||
| 245 | 1 | 0 | |a Infotech @ library services / |
| 260 | |a New Delhi: |b AuthersPress, |c 2008. | ||
| 300 | |a 108p.. | ||
| 362 | 1 | |a 2008. | |
| 650 | |a Information science | ||
| 650 | 0 | |a Library and information science | |
| 700 | 0 | 2 | |a Mehtab,, Dakulge |
| 942 | |c BK | ||
| 999 | |c 23004 |d 23004 | ||
| 952 | |0 0 |1 0 |4 0 |6 025_002000000000000_85_MEH |7 0 |9 24422 |a KUCL |b KUCL |d 2014-05-23 |l 0 |o 025.002 85 MEH/ |p 23437 |r 2014-05-23 |w 2014-05-23 |y BK | ||